Дело по представлению Московского военного губернатора, о награждении тамошнего гласного купца Петрова

Доступно только в Электронных читальных залах Найти на картеНа карте
RUSMARC
00003658nmc2a2200000 x 450
001e009eb30-5c57-4652-914c-a47849970ab7
00520170118103043.0
100##$a20141002l18061806k l0rusy0189 ca
1010#$arus
102##$aRU
2001#$aДело по представлению Московского военного губернатора, о награждении тамошнего гласного купца Петрова
$j1806 г.
251##$cДело
300##$aДело
801#0$aRU
$bРГИА
$c20141002
$gRCR
801#1$aRU
$bГлавНИВЦ
$c20141002
$2rusmarc
801#2$aRU
$bПБ им. Б.Н. Ельцина
$c20170118
$gRCR
$2rusmarc
850##$aРГИА
852##$aРГИА
$eФедеральное казенное учреждение "Российский государственный исторический архив" (РГИА)
$j56
937##$hРГИА
$d11570383
$aASBIBLIO_SCAN
462#0$1001be294987-8465-4f10-8ac6-8b4408505da9
$12001
$a1802-1810 гг. Дела Департамента полиции исполнительной МВД за 1806 г.
$1251
$cОпись
$1852
$j1
461#0$10013e300ed0-cd39-49af-8489-5ba5b90fa401
$12001
$aДепартамент полиции исполнительной МВД
$1251
$cФонд
$1852
$j1286
215##$a16 л.
$d36,5x26 см
371##$aДокумент не является опубликованным и широко распространяемым
105##$aу###
1222#$ad
035##$ae009eb30-5c57-4652-914c-a47849970ab7
856##$uhttp://readingroom.main.prlib.ru/item.aspx?id_node=n94529601&mode=full
Формат отображения